=LDR 00000nam 2200000 4500 =001 INLIS000000000047477 =005 20151205123904.0 =006 =007 =008 =020 ##$$a 978-979-9314-68-0 =035 ##$$0010-121500000000018 =082 ##$$a348 =100 ##$$aRACHMAT TRIJONO =245 ##$$aDASAR-DASAR ILMU PENGET. PEUNDANG-UNDANGAN =260 ##$$a DEPOK TIMUR $b PAPAS SS $c 2014 =300 ##$$a 265 HLM =850 ##$$aNBPNMAT =990 ##$$a214150390